| 000 -LEADER |
| fixed length control field |
00616nam a2200217 a 4500 |
| 001 - CONTROL NUMBER |
| control field |
4338 |
| 003 - CONTROL NUMBER IDENTIFIER |
| control field |
BD-DhUAP |
| 005 - DATE AND TIME OF LATEST TRANSACTION |
| control field |
20201122115858.0 |
| 008 - FIXED-LENGTH DATA ELEMENTS--GENERAL INFORMATION |
| fixed length control field |
201122s1994 iaua 001 0 eng |
| 020 ## - INTERNATIONAL STANDARD BOOK NUMBER |
| International Standard Book Number |
0697145379 |
| 040 ## - CATALOGING SOURCE |
| Original cataloging agency |
DLC |
| Transcribing agency |
DLC |
| Language of cataloging |
eng |
| Modifying agency |
BD-DhUAP |
| 050 00 - LIBRARY OF CONGRESS CALL NUMBER |
| Classification number |
QH308.2 |
| Item number |
.B63 1994 |
| 082 00 - DEWEY DECIMAL CLASSIFICATION NUMBER |
| Classification number |
570 BLA |
| Edition number |
23 |
| 100 1# - MAIN ENTRY--PERSONAL NAME |
| Personal name |
Blamire, John. |
| 245 10 - TITLE STATEMENT |
| Title |
Exploring life : |
| Remainder of title |
the principles of biology / |
| Statement of responsibility, etc. |
John Blamire. |
| 260 ## - PUBLICATION, DISTRIBUTION, ETC. |
| Place of publication, distribution, etc. |
Dubuque, Iowa : |
| Name of publisher, distributor, etc. |
Wm. C. Brown Publishers, |
| Date of publication, distribution, etc. |
c1994. |
| 300 ## - PHYSICAL DESCRIPTION |
| Extent |
xix, 507 pages : |
| Other physical details |
illustrations ; |
| Dimensions |
28 cm. |
| 500 ## - GENERAL NOTE |
| General note |
Includes index. |
| 650 #0 - SUBJECT ADDED ENTRY--TOPICAL TERM |
| Topical term or geographic name entry element |
Biology. |
| 942 ## - ADDED ENTRY ELEMENTS (KOHA) |
| Source of classification or shelving scheme |
|
| Koha item type |
Book |